The French Peasantry in the Seventeenth Century : (Record no. 612137)

MARC details
000 -LEADER
fixed length control field 00528nam a2200193 a 4500
008 - FIXED-LENGTH DATA ELEMENTS--GENERAL INFORMATION
fixed length control field 260212s1986##################000#0#eng##
020 ## - INTERNATIONAL STANDARD BOOK NUMBER
ISBN 9780521312691
082 04 - DEWEY DECIMAL CLASSIFICATION NUMBER
Classification number 305.563
Item number GOU
100 1# - MAIN ENTRY--AUTHOR NAME
Personal name Goubert, Pierre,
245 10 - TITLE STATEMENT
Title The French Peasantry in the Seventeenth Century :
260 ## - PUBLICATION, DISTRIBUTION, ETC. (IMPRINT)
Name of publisher Cambridge University Press,
Year of publication 1986.
300 ## - PHYSICAL DESCRIPTION
Number of Pages 260 pages
650 #0 - SUBJECT ADDED ENTRY--TOPICAL TERM
Topical Term History.
942 ## - ADDED ENTRY ELEMENTS (KOHA)
Koha item type English Books
Holdings
Withdrawn status Lost status Damaged status Not for loan Home library Current library Shelving location Date acquired Full call number Accession Number Price effective from Koha item type
        Anna Centenary Library Anna Centenary Library 3RD FLOOR, B WING 12.02.2026 305.563 GOU 240511 12.02.2026 English Books

Find us on the map